000 00575cam a2200205 4500500
005 20260329003019.0
041 _afre
042 _adc
100 1 0 _aTenaillon, Nicolas
_eauthor
245 0 0 _a24/7
260 _c2014.
500 _a32
690 _aCapitalisme
690 _aCatherine Portevin
690 _aJonathan Crary
690 _aRĂªve
690 _aSommeil
786 0 _nPhilosophie magazine | 80 | 6 | 2014-06-01 | p. 62-64 | 1951-1787
856 4 1 _uhttps://shs.cairn.info/magazine-philosophie-magazine-2014-6-page-62?lang=fr&redirect-ssocas=7080
999 _c1820522
_d1820522